000
00289nam a22001337a 4500
008
170419b xxu||||| |||| 00| 0 eng d
020
_a
9789280811148
041
_a
eng
080
_a
573
100
_a
1
101
_a
SHM
245
_a
MEDICAL BIOTECHNOLOGY
_c
SASSON, A
942
_2
udc
_c
BK
999
_c
11158
_d
11158